000 00690nam a2200229Ia 4500
003 GCL
008 140319s9999 xx 000 0 ara d
040 _aGCL /
_cGCL
082 0 4 _a531.6
_bم ط
100 1 _aمارى مارتان جوت
245 1 0 _aالطاقة /
_cمارى مارتان جوت
700 1 _aهدى جمال
260 _a[S.N] :
_bدار المستقبل العربى ،
_c1991
300 _a149 ص
490 _aالمكتبة العالمية
_v0
650 0 4 _aالطاقة
650 0 4 _aالقوى الميكانيكية
650 0 4 _aهندسة الطاقة
650 0 4 _aمصادر الطاقة
650 0 4 _aكفاية الطاقة
942 _2ddc
_cBK
999 _c36038
_d36038